000 00382nam a22001457a 4500
003 LK-CoDNM
005 20240903144719.0
008 240903b |||||||| |||| 00| 0 eng d
040 _aLK-CoDNM
_dLK-CoDNM
_eLK-CoDNM
080 _b1762
245 _aThe Dutch Records Of The Ceylon Government
260 _aColombo
_bGoverment press
_c1762
300 _b202p. : 24 cm
942 _cBK
999 _c150800
_d150800